[Event "Nalchik WGP 2011"]
[Site "Nalchik RUS"]
[Date "2011.10.16"]
[Round "7"]
[White "Kosintseva,T"]
[Black "Munguntuul,B"]
[Result "1/2-1/2"]
[WhiteElo "2536"]
[BlackElo "2465"]

1.e4 c5 2.Nf3 e6 3.d4 cxd4 4.Nxd4 Nc6 5.Nc3 Qc7 6.Be3 a6 7.Qd2 Nf6 8.O-O-O Be7
9.f3 O-O 10.g4 b5 11.g5 Nh5 12.Rg1 Bb7 13.Nxc6 Bxc6 14.Nd5 exd5 15.exd5 Bb7
16.d6 Bxd6 17.Qxd6 Qxd6 18.Rxd6 Rfe8 19.Bd2 Bxf3 20.Rxd7 Rac8 21.Bh3 Rcd8
22.Rf1 Bd5 23.Rxd8 Rxd8 24.Bg4 g6 25.Bc3 Be6 26.Bf3 Nf4 27.b3 Rc8 28.Kb2 Nd5
29.Bxd5 Bxd5 30.Rd1 Rd8 31.Bf6 Rd7 32.Re1 Kf8 33.Re3 Be6 34.Rc3 Ra7 35.Bd4 Ra8
36.Rc7 Rc8 37.Ra7 Rc6 38.Bf6 Bc8 39.c3 h5 40.h4 Ke8 41.Ka3 Bf5 42.Re7+ Kd8
43.Rxf7+ Kc8 44.Kb4 Bb1 45.a4 Bd3 46.axb5 axb5 47.Bd4 Re6 48.Kc5 Bc2 49.Kxb5 Bxb3
50.Rg7 Bc2 51.Kc5 Bf5 52.Kd5 Ra6 53.Re7 Bg4 54.c4 Bf3+ 55.Ke5 Rc6 56.c5 Bg4
57.Rf7 Bh3 58.Rg7 Bf1 59.Kd5 Bg2+ 60.Kc4 Bf1+ 61.Kb4 Bd3 62.Be5 Ra6 63.Bd6 Be4
64.Re7 Bc6 65.Rg7 Be4 66.Re7 Bc6 67.Kc3 Ra3+ 68.Kb4  1/2-1/2

[Event "Chigorin Memorial Open"]
[Site "St Petersburg RUS"]
[Date "2011.10.16"]
[Round "3.14"]
[White "Eliseev,U"]
[Black "Kovalenko,I"]
[Result "1-0"]
[WhiteElo "2441"]
[BlackElo "2578"]

1.e4 c5 2.Nf3 e6 3.d4 cxd4 4.Nxd4 Nc6 5.Nc3 Qc7 6.Be3 a6 7.Qd2 Nf6 8.f3 Be7
9.O-O-O O-O 10.g4 b5 11.g5 Ne8 12.Nxc6 Qxc6 13.Ne2 Bc5 14.Bxc5 Qxc5 15.h4 d6
16.Bh3 b4 17.Nd4 a5 18.Kb1 a4 19.h5 Nc7 20.g6 h6 21.gxf7+ Rxf7 22.Rdg1 a3
23.b3 Qe5 24.Qxb4 Rxf3 25.c3 Rf2 26.Nc6 Qf4 27.Qd4 e5 28.Qc4+ d5 29.Ne7+ Kh7
30.Qd3 Bxh3 31.Rxh3 dxe4 32.Qc4 Rd8 33.Rhh1 Rb2+ 34.Ka1 Rxa2+ 35.Kb1 Rb2+
36.Ka1 Ra2+ 37.Kb1 Rb2+ 38.Ka1 Qf3 39.Qc6 Ra2+ 40.Kxa2 Qf2+ 41.Kxa3 Ra8+
42.Kb4 Rb8+ 43.Kc4 Qe2+ 44.Kc5 Qe3+ 45.Kd6 Qd3+ 46.Nd5 Nxd5 47.Kxe5 Qxc3+
48.Qxc3 Nxc3 49.Rg3 Rb5+ 50.Kd6 Ne2 51.Re3 Nd4 52.Rxe4 Nf5+ 53.Kc6 Rxb3 54.Rf4 Ne7+
55.Kd6 Ng8 56.Rf5 Re3 57.Rhf1 Ra3 58.Ke6 Ra7 59.R1f2 Ra6+ 60.Kf7 Ra7+ 61.Ke6 Re7+
62.Kd6 Re8 63.Rf7 Re1 64.Rg2 Rd1+ 65.Ke5 Re1+ 66.Kd4 Rd1+ 67.Ke3 Kh8 68.Rfxg7 Rd8
69.Rf7 Re8+ 70.Kf3 Re1 71.Kf2 Re8 72.Rg6 Ra8 73.Rd6 Rd8 74.Rg6 Ra8 75.Re6 Ra5
76.Rd6  1-0

[Event "Chigorin Memorial Open"]
[Site "St Petersburg RUS"]
[Date "2011.10.16"]
[Round "3.40"]
[White "Pasiev,R"]
[Black "Goganov,A"]
[Result "1/2-1/2"]
[WhiteElo "2306"]
[BlackElo "2500"]

1.e4 c5 2.Nf3 Nc6 3.Nc3 e6 4.d4 cxd4 5.Nxd4 Qc7 6.Be3 Nf6 7.a3 a6 8.Be2 Be7
9.O-O O-O 10.Kh1 d6 11.f4 Re8 12.Qe1 Nxd4 13.Bxd4 e5 14.fxe5 dxe5 15.Qg3 Bd8
16.Be3 Kh8 17.Bg5 Be6 18.Rad1 Ng8 19.Rd2 Bxg5 20.Qxg5 Rad8 21.Rfd1 Rxd2 22.Qxd2 Nf6
23.Qd6 Qxd6 24.Rxd6 Rc8 25.Kg1 Kg8 26.Nd5 Bxd5 27.exd5 Ne4 28.Rd7 Kf8 29.c4 Nc5
30.Rd6 Na4 31.b4 Ke7 32.c5 g6 33.Bg4 Rd8 34.Rxd8 Kxd8 35.d6 Nc3 36.Kf2 f5
37.Be2 a5 38.Ke1 axb4 39.axb4 Nd5 40.b5 Kd7 41.b6 Nc3 42.Bd3 e4 43.Kd2 Nd5
44.Ba6 e3+ 45.Ke1 Nc3 46.Bxb7 Na4 47.Be4 Nxc5 48.b7 Na6 49.Bd3 Nb8 50.Ke2 Kxd6
51.Kxe3 Kc7 52.Kf4 Kxb7 53.Kg5 Nd7  1/2-1/2

[Event "Chigorin Memorial Open"]
[Site "St Petersburg RUS"]
[Date "2011.10.16"]
[Round "3.65"]
[White "Sychev,K"]
[Black "Menkov,Aleksandr"]
[Result "1-0"]
[WhiteElo "2389"]
[BlackElo "2152"]

1.e4 c5 2.Nf3 e6 3.d4 cxd4 4.Nxd4 Nc6 5.Nc3 Qc7 6.g3 a6 7.Bg2 Nf6 8.O-O Bc5
9.Nb3 Be7 10.a4 O-O 11.Be3 Ne5 12.Nd4 Rb8 13.h3 Nc4 14.Bc1 b6 15.b3 Ne3 16.Bxe3 Qxc3
17.Bf4 Rb7 18.e5 Nd5 19.Bxd5 exd5 20.Nf5 d6 21.exd6 Bxf5 22.dxe7 Rxe7 23.Bd6 Rd7
24.Bxf8 Kxf8 25.Re1 Qxc2 26.Rc1 Qxd1 27.Rc8+  1-0

[Event "49th ch-IND NatA"]
[Site "Aurangabad IND"]
[Date "2011.10.17"]
[Round "9"]
[White "Negi,P"]
[Black "Swapnil,SD"]
[Result "1-0"]
[WhiteElo "2631"]
[BlackElo "2411"]

1.e4 c5 2.Nf3 e6 3.d4 cxd4 4.Nxd4 Nc6 5.Nc3 Qc7 6.Be3 a6 7.Qd2 Nf6 8.O-O-O Be7
9.f3 O-O 10.g4 b5 11.g5 Nh5 12.Kb1 Ne5 13.Rg1 b4 14.Na4 d5 15.exd5 exd5 16.b3 Re8
17.Re1 Ng6 18.Bd3 Bd7 19.Nf5 Bxa4 20.bxa4 Bf8 21.Bd4 Qa5 22.Ng3 Nhf4 23.Bf5 Qxa4
24.h4 Bd6 25.h5 Nf8 26.Bxg7 N8e6 27.Bb2 Qc6 28.g6 fxg6 29.hxg6 hxg6 30.Bxg6 Nxg6
31.Qh6 Qd7 32.Qxg6+ Kf8 33.Qh6+ Ng7 34.Qh8+  1-0

[Event "Chigorin Memorial Open"]
[Site "St Petersburg RUS"]
[Date "2011.10.17"]
[Round "4.92"]
[White "Klepikov,N"]
[Black "Sukhareva,E"]
[Result "0-1"]
[WhiteElo "1992"]
[BlackElo "2213"]

1.e4 c5 2.Nf3 e6 3.d4 cxd4 4.Nxd4 Nc6 5.Nc3 Qc7 6.Be3 a6 7.Be2 b5 8.O-O Nf6
9.a3 Bb7 10.Qd2 Na5 11.f3 Nc4 12.Bxc4 Qxc4 13.Rad1 d6 14.Nb3 Qc7 15.Qf2 Nd7
16.Rd2 Be7 17.Rfd1 O-O 18.Bf4 e5 19.Be3 Rac8 20.Ne2 f5 21.exf5 Rxf5 22.Ng3 Rf7
23.Qe2 d5 24.Ne4 h6 25.Bf2 Rd8 26.Nc3 Nf6 27.Bg3 Bd6 28.Bh4 g5 29.Bg3 Bc6
30.Kh1 Rdf8 31.Re1 Re8 32.Qd3 Kg7 33.Rde2 Rfe7 34.Qf5 d4 35.Ne4 Nxe4 36.fxe4 Rf8
37.Qg4 Ref7 38.Nd2 Bd7 39.Qh5 Qxc2 40.Nf3 Qc8 41.h3 Be8 42.Qg4 Bd7 43.Qh5 Qe8
44.Kh2 Rf6 45.Qxe8 Rxe8 46.Rd1 Rfe6 47.Kh1 b4 48.axb4 Bb5 49.Rf2 Bxb4 50.Ne1 Ba4
51.Ra1 Bc6 52.Nd3 Bd6 53.Re1 R6e7 54.Rc2 Bb5 55.Rd2 Rb8 56.Ra1 Rb6 57.Kg1 Kf6
58.Ra2 Ke6 59.Ra1 Rc7 60.Kh2 Bxd3 61.Rxd3 Rxb2 62.Rxa6 Rcc2 63.Rf3 Rxg2+
64.Kh1 Rge2 65.Rf1 Re3 66.Bh2 Rxh3  0-1

[Event "49th ch-IND NatA"]
[Site "Aurangabad IND"]
[Date "2011.10.18"]
[Round "10"]
[White "Padmini,R"]
[Black "Vidit,S"]
[Result "0-1"]
[WhiteElo "2356"]
[BlackElo "2508"]

1.e4 c5 2.Nf3 Nc6 3.d4 cxd4 4.Nxd4 e6 5.Nc3 d6 6.g3 Nf6 7.Bg2 Bd7 8.O-O Be7
9.b3 a6 10.Bb2 O-O 11.h3 Rc8 12.Nde2 b5 13.a3 Qb6 14.Kh1 a5 15.a4 bxa4 16.Nxa4 Qc7
17.c4 Rb8 18.f4 Bc8 19.Nec3 Ba6 20.Nb5 Bxb5 21.cxb5 Rxb5 22.Rc1 Qd7 23.e5 Nd5
24.exd6 Bxd6 25.Nc3 Nxc3 26.Bxc3 Ne7 27.Qd3 Rxb3 28.Be4 h6 29.Qc4 Rb5 30.Rfd1 Nd5
31.Ba1 Rc5 32.Qd3 Rxc1 33.Rxc1 Rd8 34.f5 Be7 35.Qf3 Bf6 36.Bxd5 Qxd5 37.Qxd5 Rxd5
38.Rc8+ Rd8 39.Rxd8+ Bxd8 40.fxe6 fxe6 41.Bc3 a4 42.Bb4 Kf7 43.Kg2 Be7  0-1

[Event "Chigorin Memorial Open"]
[Site "St Petersburg RUS"]
[Date "2011.10.18"]
[Round "5.74"]
[White "Frolochkin,V"]
[Black "Lagashin,P"]
[Result "1-0"]
[WhiteElo "2331"]
[BlackElo "2140"]

1.e4 c5 2.Nf3 Nc6 3.d4 cxd4 4.Nxd4 e6 5.Nc3 Qc7 6.g3 a6 7.Bg2 Nf6 8.O-O Be7
9.Re1 O-O 10.Nxc6 dxc6 11.e5 Rd8 12.Qf3 Nd5 13.Ne4 Qxe5 14.c4 Nb4 15.Bf4 Qxb2
16.Rab1 Qxa2 17.Bg5 f6 18.Nxf6+ gxf6 19.Bxf6 Bxf6 20.Qxf6 Rf8 21.Qg5+ Kh8
22.Qe5+ Kg8 23.Rb2 Qxb2 24.Qxb2 Nd3 25.Qd2 Nxe1 26.Qxe1 a5 27.Qe3 Bd7 28.Qg5+ Kf7
29.Bf3 Rg8 30.Bh5+ Rg6 31.Qh6 Kg8 32.Bxg6 hxg6 33.Qxg6+ Kh8 34.Qf7 a4 35.Qxd7 a3
36.Qxb7 Rd8 37.Qa7 Rd3 38.h4  1-0

[Event "Chigorin Memorial Open"]
[Site "St Petersburg RUS"]
[Date "2011.10.18"]
[Round "5.49"]
[White "Kovalev,Vl"]
[Black "Matsenko,A"]
[Result "1-0"]
[WhiteElo "2452"]
[BlackElo "2116"]

1.e4 c5 2.Nf3 Nc6 3.Nc3 e6 4.d4 cxd4 5.Nxd4 Qc7 6.Be3 a6 7.Qd2 Nf6 8.O-O-O Bb4
9.f3 Ne5 10.Nb3 b5 11.Bd4 Bb7 12.Qg5 Ng6 13.Qe3 Rc8 14.Kb1 O-O 15.h4 Ne5
16.h5 h6 17.g4 Nh7 18.f4 Bxc3 19.bxc3 Nxg4 20.Qg3 f5 21.Bd3 Nhf6 22.exf5 Bxh1
23.Rxh1 Rf7 24.Rh4 a5 25.Rxg4 Nxg4 26.Qxg4 exf5 27.Bxf5 a4 28.Nc5 Re8 29.Nd3 a3
30.Bg6 Rxf4 31.Bh7+  1-0

[Event "Nalchik WGP 2011"]
[Site "Nalchik RUS"]
[Date "2011.10.19"]
[Round "9"]
[White "Kosteniuk,A"]
[Black "Galliamova,A"]
[Result "1-0"]
[WhiteElo "2469"]
[BlackElo "2498"]

1.e4 c5 2.Nf3 e6 3.d4 cxd4 4.Nxd4 Nc6 5.Nc3 d6 6.Be3 Nf6 7.f4 e5 8.Nf3 Ng4
9.Qd2 Nxe3 10.Qxe3 exf4 11.Qxf4 Be7 12.O-O-O Be6 13.h4 O-O 14.Nd5 Rc8 15.a3 Na5
16.g4 Bxd5 17.exd5 Bf6 18.g5 Qc7 19.Rh2 Be5 20.Nxe5 dxe5 21.Qb4 Rcd8 22.d6 Qb6
23.Qxb6 axb6 24.d7 f5 25.gxf6 gxf6 26.Rg2+ Kh8 27.b4 Nc6 28.Bc4 e4 29.Be6 f5
30.Rg5 Ne7 31.c4 Rf6 32.Rd6 h6 33.Rg1 f4 34.c5 bxc5 35.bxc5 Nc6 36.Kd2 Kh7
37.Bg8+ Rxg8 38.Rxf6 e3+ 39.Ke2 Rxg1 40.Rxc6 Rg2+ 41.Kf3 Rg3+ 42.Kxf4 e2
43.d8=Q e1=Q 44.Qd7+ Kh8 45.Rxh6+ Kg8 46.Qh7+ Kf8 47.Rf6+ Ke8 48.Qf7+ Kd8
49.Rd6+ Kc8 50.Qf8+  1-0

[Event "Chigorin Memorial Open"]
[Site "St Petersburg RUS"]
[Date "2011.10.19"]
[Round "6.77"]
[White "Guliev,L"]
[Black "Lagashin,P"]
[Result "1-0"]
[WhiteElo "2447"]
[BlackElo "2140"]

1.e4 c5 2.Nf3 e6 3.d4 cxd4 4.Nxd4 Nc6 5.Nc3 Qc7 6.Be3 a6 7.Qd2 Nf6 8.O-O-O Bb4
9.f3 b5 10.Kb1 Ne5 11.Ncxb5 Qa5 12.Nc7+ Kd8 13.c3 Bxc3 14.Qxc3 Qxc7 15.Qa3 d6
16.Nb5 axb5 17.Qxa8 Ke7 18.Bxb5 Bd7 19.Qxh8 Bxb5 20.Qxg7 Qa5 21.Bg5 Nd7 22.e5 Bc4  1-0

[Event "Chigorin Memorial Open"]
[Site "St Petersburg RUS"]
[Date "2011.10.19"]
[Round "6.8"]
[White "Eliseev,U"]
[Black "Kokarev,Dm"]
[Result "1/2-1/2"]
[WhiteElo "2441"]
[BlackElo "2619"]

1.e4 c5 2.Nf3 e6 3.d4 cxd4 4.Nxd4 Nc6 5.Nc3 Qc7 6.Be3 Nf6 7.f4 Nxd4 8.Qxd4 b6
9.e5 Ng4 10.Bg1 Bc5 11.Qc4 Qc6 12.Ne4 Ba6 13.Nd6+ Qxd6 14.Qe4 Qc6 15.Qxc6 dxc6
16.Bxa6 Bxg1 17.Rxg1 Ke7 18.Be2 h5 19.h4 Ne3 20.Bd3 Rhd8 21.Ke2 Nf5 22.g3 Rd7
23.Bxf5 exf5 24.Rgd1 Rad8 25.Rxd7+ Rxd7 26.Rd1 Rxd1 27.Kxd1 b5 28.Kd2 Ke6
29.Kd3 Kd5 30.c3 c5 31.b3 c4+ 32.bxc4+ bxc4+ 33.Ke3 Kc5 34.Kf3 Kd5 35.Ke3 Kc5
36.Kf3 Kd5 37.Ke3  1/2-1/2

[Event "49th ch-IND NatA"]
[Site "Aurangabad IND"]
[Date "2011.10.20"]
[Round "12"]
[White "Negi,P"]
[Black "Adhiban,B"]
[Result "1/2-1/2"]
[WhiteElo "2631"]
[BlackElo "2551"]

1.e4 c5 2.Nf3 e6 3.d4 cxd4 4.Nxd4 Nc6 5.Nc3 Qc7 6.Be3 a6 7.Qd2 Nf6 8.f3 Bb4
9.O-O-O O-O 10.g4 b5 11.g5 Nh5 12.a3 Be7 13.Nce2 b4 14.a4 Nxd4 15.Bxd4 d5
16.Ng3 Nf4 17.e5 b3 18.h4 Qxc2+ 19.Qxc2 bxc2 20.Kxc2 Bd7 21.b3 Rfb8 22.Ne2 Nxe2
23.Bxe2 Rb7 24.Rd3 Bb4 25.Rc1 g6 26.f4 a5 27.h5 Kf8 28.h6 Ke7 29.Kb2 Kd8
30.Rdd1 Be7 31.Ka2 Rab8 32.Rd3 Bb4 33.Rdd1 Be7 34.Rd3 Bb4 35.Rc2 Rc7 36.Kb1 Rxc2
37.Kxc2 Kc7 38.Bc3 Rb6 39.Kd2 Kb7 40.Bd1 Bxc3+ 41.Kxc3 Kc6 42.Rd4 Kc5 43.Bc2  1/2-1/2

[Event "Chigorin Memorial Open"]
[Site "St Petersburg RUS"]
[Date "2011.10.20"]
[Round "7.6"]
[White "Zvjaginsev,V"]
[Black "Shimanov,A"]
[Result "1-0"]
[WhiteElo "2666"]
[BlackElo "2565"]

1.e4 c5 2.Nf3 e6 3.Nc3 Nc6 4.d4 cxd4 5.Nxd4 Qc7 6.Be3 a6 7.a3 b5 8.Nxc6 Qxc6
9.Bd3 Bb7 10.Qe2 Nf6 11.f3 Qc7 12.O-O Be7 13.Bd4 e5 14.Be3 Bc5 15.Kh1 Bxe3
16.Qxe3 O-O 17.Rad1 Rac8 18.Qa7 Ra8 19.Qf2 Rac8 20.Qa7 Ra8 21.Qf2 Rac8 22.Rd2 Qc5
23.Kg1 Rfd8 24.Re1 Kf8 25.Nd1 Qxf2+ 26.Kxf2 g6 27.Ne3 Rc5 28.c4 bxc4 29.Nxc4 d5
30.Bf1 Rb8 31.exd5 Bxd5 32.Rxe5 Rcb5 33.a4 Rb4 34.Rexd5 Nxd5 35.Rxd5 Rxa4
36.Rd7 Rbb4 37.Ne5 Rxb2+ 38.Kg3 Ke8 39.Ra7 f6 40.Nd7 f5 41.Nc5 Ra1 42.Bc4 f4+
43.Kh3 Rg1 44.Bf7+ Kd8 45.Rd7+ Kc8 46.Be6  1-0

[Event "Chigorin Memorial Open"]
[Site "St Petersburg RUS"]
[Date "2011.10.20"]
[Round "7.21"]
[White "Predke,A"]
[Black "Dvoirys,S"]
[Result "0-1"]
[WhiteElo "2461"]
[BlackElo "2598"]

1.e4 c5 2.Nf3 Nc6 3.d4 cxd4 4.Nxd4 e6 5.Nc3 a6 6.Be3 Nf6 7.Be2 Bb4 8.O-O Bxc3
9.bxc3 Nxe4 10.Nxc6 bxc6 11.Bf3 Ng5 12.Bc5 d5 13.Re1 f6 14.Rb1 Kf7 15.Rb6 Qc7
16.c4 Rb8 17.Rxb8 Qxb8 18.cxd5 cxd5 19.Bxd5 Qb5 20.Bb3 Qxc5 21.h4 h6 22.hxg5 hxg5
23.Rxe6 Bxe6 24.Qd7+ Kg6 25.Bxe6 Qc3 26.Bf5+ Kh6 27.g3 Qe1+ 28.Kg2 Qe8 29.Qd3 Qd8
30.Qc4 g6 31.Bd3 a5 32.Qf7 f5 33.a4 Rf8 34.Qc4 Qa8+ 35.f3 Re8 36.g4 Re3 37.Be2 fxg4
38.Kf2 Qa7 39.Kg2 Qe7  0-1

[Event "Chigorin Memorial Open"]
[Site "St Petersburg RUS"]
[Date "2011.10.21"]
[Round "8.24"]
[White "Eliseev,U"]
[Black "Maletin,P"]
[Result "0-1"]
[WhiteElo "2441"]
[BlackElo "2579"]

1.e4 c5 2.Nf3 e6 3.d4 cxd4 4.Nxd4 Nc6 5.Nc3 Qc7 6.Be3 a6 7.Qd2 Nf6 8.O-O-O Bb4
9.f3 Ne5 10.Nb3 b5 11.Bd4 Be7 12.Qg5 Ng6 13.Qg3 d6 14.h4 h5 15.Qf2 Rb8 16.Ba7 Rb7
17.Be3 Bd7 18.Bd3 a5 19.Nd4 b4 20.Nce2 Ne5 21.Bg5 a4 22.Kb1 Nxd3 23.cxd3 e5
24.Nf5 Bxf5 25.exf5 O-O 26.Rc1 Qd7 27.Ng3 a3 28.b3 Nd5 29.Bxe7 Qxe7 30.Nxh5 f6
31.Ng3 Nc3+ 32.Ka1 Rc7 33.h5 Rfc8 34.Qd2 Nd5 35.Rc4 Nf4 36.Qxb4 Nxd3 37.Qxa3 e4
38.Rxe4 Qf7 39.Rc4 d5 40.Rxc7 Qxc7 41.b4 Qe5+ 42.Kb1 Nxb4 43.f4 Qxf4 44.Qf3 Qc7  0-1

[Event "TCh-SVK Extraliga 2011-12"]
[Site "Slovakia SVK"]
[Date "2011.10.22"]
[Round "1"]
[White "Antoniewski,R"]
[Black "Mrva,Mart"]
[Result "1-0"]
[WhiteElo "2585"]
[BlackElo "2470"]

1.e4 c5 2.Nf3 e6 3.d4 cxd4 4.Nxd4 Nc6 5.Nc3 d6 6.Be3 Nf6 7.f4 Be7 8.Qf3 e5
9.Nxc6 bxc6 10.f5 h5 11.O-O-O g6 12.fxg6 fxg6 13.Bc4 Bg4 14.Qg3 Qd7 15.Rd3 h4
16.Qe1 Be6 17.Bxe6 Qxe6 18.Bg5 Nd7 19.Bxe7 Kxe7 20.Qe3 Nc5 21.Rd2 Rhf8 22.Rhd1 Nb7
23.b3 Rf6 24.Qg5 Rh8 25.Na4 Kf7 26.Qe3 Ra8 27.Qh6 Kg8 28.Qxh4 Rf4 29.Qe1 Qg4
30.h3 Qe6 31.Qe3 Kg7 32.Nb2 Rf6 33.Qc3 c5 34.Nc4 Qe7 35.Qg3 Re6 36.Ne3 Qd8
37.h4 Kh7 38.Qg4 Qe8 39.Rf1 Nd8 40.Rdf2 Kg7 41.h5  1-0

[Event "33rd Arco Open"]
[Site "Arco ITA"]
[Date "2011.10.23"]
[Round "2"]
[White "Aigner,Geo"]
[Black "Del Monaco,A"]
[Result "1/2-1/2"]
[WhiteElo "1988"]
[BlackElo "2315"]

1.e4 c5 2.Nf3 Nc6 3.Nc3 e6 4.d4 cxd4 5.Nxd4 Qc7 6.Ndb5 Qb8 7.f4 a6 8.Nd4 Qc7
9.Nf3 b5 10.Be3 Bb7 11.Bd3 Nf6 12.h3 Na5 13.O-O Nc4 14.Bxc4 Qxc4 15.e5 b4
16.exf6 bxc3 17.b3 Qe4 18.Qd4 gxf6 19.Rad1 Qxd4 20.Bxd4 Be7 21.Rd3 d6 22.Rxc3 Kd7
23.Bb6 Rhc8 24.Rxc8 Rxc8 25.c4 e5 26.Nd2 Rg8 27.Rf2 f5 28.fxe5 dxe5 29.Nf3 Ke6
30.Kf1 Rg3 31.Bc7 Bc5 32.Re2 f6 33.Nxe5 Bxg2+ 34.Rxg2 Rxg2 35.Kxg2 fxe5 36.Ba5 f4
37.b4 Be7 38.b5 axb5 39.cxb5 e4 40.Bb6 Kd5 41.a4 Kc4 42.Kf2 Kd3 43.a5 e3+
44.Kf3 Bb4 45.a6 e2 46.Bf2 Bc5 47.Be1 Be3 48.b6 Bxb6 49.Kxf4 Kc2 50.Kg5 Kd1
51.Bb4 Bc5 52.Ba5 Be3+ 53.Kf6 Kc2 54.Be1 Kd3 55.Kf5 Bb6 56.Kf4 h6 57.Kf3 h5
58.Kg3 Ke3 59.Kh4 Kf3 60.Kxh5 Kg2 61.Kg4 Kf1 62.Bb4  1/2-1/2

[Event "33rd Arco Open"]
[Site "Arco ITA"]
[Date "2011.10.23"]
[Round "2"]
[White "Badano,F"]
[Black "Knitl,A"]
[Result "0-1"]
[WhiteElo "1741"]
[BlackElo "2188"]

1.e4 c5 2.Nf3 Nc6 3.d4 cxd4 4.Nxd4 e6 5.Nc3 a6 6.Be3 Qc7 7.Qd2 Nf6 8.f3 Bb4
9.O-O-O d5 10.Bd3 Nxd4 11.e5 Nd7 12.Bxd4 Nxe5 13.Rhe1 f6 14.Qf2 Nxd3+ 15.Rxd3 O-O
16.f4 Qf7 17.h4 Bd7 18.g4 Rac8 19.h5 Rc4 20.h6 g6 21.f5 e5 22.fxg6 Qxg6 23.Bb6 Bc6
24.Rh3 Rxg4 25.Bc5 Rg2 26.Rg1 Rxg1+ 27.Qxg1 Qxg1+ 28.Bxg1 Kf7 29.Bh2 Rg8
30.Ne2 Rg2 31.Ng3 Bd2+ 32.Kd1 Bf4 33.Nf1 Bd7 34.Rh4 Bg4+  0-1

[Event "Corsica Masters 2011"]
[Site "Bastia FRA"]
[Date "2011.10.23"]
[Round "2"]
[White "Massoni,M"]
[Black "Melkumyan,H"]
[Result "0-1"]
[WhiteElo "2304"]
[BlackElo "2619"]

1.e4 c5 2.Nf3 e6 3.d4 cxd4 4.Nxd4 Nc6 5.Nc3 Qc7 6.Be2 Nf6 7.O-O a6 8.Be3 Be7
9.Kh1 O-O 10.f4 d6 11.a4 Rb8 12.Qe1 Re8 13.Qg3 Nd7 14.f5 Nxd4 15.Bxd4 Ne5
16.f6 Bf8 17.Rf4 Ng6 18.fxg7 Bxg7 19.Bxg7 Kxg7 20.Raf1 Rf8 21.h4 Kh8 22.Rf6 Qe7
23.Bh5 Ne5 24.Qf4 Bd7 25.Bxf7 Rxf7 26.Rxf7 Nxf7 27.Qxf7 Qxh4+ 28.Kg1 Rd8
29.Rf4 Qg5 30.Rg4 Qe3+ 31.Kh2 Qh6+ 32.Kg1 Bc6 33.Qe7 Qf8 34.Qxe6 Re8 35.Qc4 Qf6
36.Rg3 Qe5 37.Rf3 Qg7 38.Rf7 Qe5 39.Rf5 Qg7 40.Qd3 Rg8 41.Qf3 Qh6 42.Rf6 Qc1+
43.Kh2 Qg5 44.Rf5 Qh4+ 45.Qh3 Qe7 46.Kg1 Bd7 47.Nd5 Qg7 48.c3 Bxf5 49.exf5 Qe5
50.Qf3 Rg3 51.Qf2 Rg4 52.f6 Qxd5 53.f7 Rxg2+ 54.Qxg2 Qxg2+  0-1

[Event "TCh-BEL 2011-12"]
[Site "Belgium BEL"]
[Date "2011.10.23"]
[Round "2.7"]
[White "Coenen,M"]
[Black "Le Quang,K"]
[Result "1-0"]
[WhiteElo "2326"]
[BlackElo "2326"]

1.e4 c5 2.Nf3 e6 3.d4 cxd4 4.Nxd4 Nc6 5.Nc3 Qc7 6.Be2 a6 7.a3 Nf6 8.Be3 Be7
9.Qd2 d6 10.O-O-O Ne5 11.Bg5 h6 12.Bh4 g5 13.Bg3 Bd7 14.h4 Rg8 15.hxg5 hxg5
16.Nf3 Nfg4 17.Nxe5 Nxe5 18.Rh7 g4 19.Kb1 Bc6 20.Qh6 Bg5 21.Qh5 Bf6 22.Rh6 Qe7
23.Rxd6 Rg5 24.Qh4 Ng6 25.Qh2 Bxc3 26.bxc3 Bxe4 27.Bh4 g3 28.Bxg3 Qf6 29.Rd4 Rc8
30.Bh4 Bxc2+ 31.Kb2 Rxc3 32.Qb8+  1-0

[Event "TCh-SUI 2011"]
[Site "Lausanne SUI"]
[Date "2011.10.23"]
[Round "9.1"]
[White "Olivier,JC"]
[Black "Caruana,F"]
[Result "0-1"]
[WhiteElo "2394"]
[BlackElo "2721"]

1.e4 c5 2.Nf3 e6 3.d4 cxd4 4.Nxd4 Nc6 5.Nc3 Qc7 6.Be3 a6 7.Bd3 Nf6 8.O-O Nxd4
9.Bxd4 Bc5 10.Bxc5 Qxc5 11.Na4 Qc7 12.c4 d6 13.Qb3 Bd7 14.Nb6 Rd8 15.Rad1 Qc5
16.Nxd7 Rxd7 17.Qc3 O-O 18.b4 Qc7 19.Qd4 Rc8 20.f3 e5 21.Qe3 Rdd8 22.Rf2 a5
23.a3 Nd7 24.Rfd2 axb4 25.axb4 Nf8 26.Ra2 Ne6 27.Rda1 Nd4 28.Qf2 Qe7 29.Ra7 h5
30.Qe3 h4 31.f4 Nc6 32.R7a4 exf4 33.Qxf4 Ne5 34.Bf1 Nxc4 35.Ra7 Ne5 36.Qe3 Rc2
37.R7a2 Rxa2 38.Rxa2 Rc8 39.h3 g6 40.Bb5 Kg7 41.Bf1 Nd7 42.Qf4 Rc3 43.Rd2 Ne5
44.Rd1 Rb3 45.b5 Rb4 46.Qd2 Rxe4 47.Qxd6 Qg5 48.Qd5 Rf4 49.Qxb7 Nf3+ 50.Kh1 Nd2
51.Bd3 Rf2 52.Qc6 Nf3 53.Bf1 Qg3  0-1

[Event "12th Liberec Open"]
[Site "Liberec CZE"]
[Date "2011.10.23"]
[Round "2"]
[White "Vlasak,Lu"]
[Black "Postupa,P1"]
[Result "1/2-1/2"]
[WhiteElo "2319"]
[BlackElo "2039"]

1.e4 c5 2.Nf3 e6 3.d4 cxd4 4.Nxd4 Nc6 5.Nc3 Qc7 6.Be3 Nf6 7.Be2 Be7 8.O-O d6
9.f4 a6 10.Bf3 Nxd4 11.Bxd4 e5 12.Be3 b5 13.Nd5 Nxd5 14.exd5 Bf6 15.c3 O-O
16.Be4 exf4 17.Bxf4 Re8 18.Qd3 g6 19.Rae1 Be5 20.Bxe5 Rxe5 21.Kh1 Qe7 22.Qb1 Bb7
23.Bf3 Re8 24.Rxe5 Qxe5 25.Qd1 Qg5 26.Qd4 Qe3 27.Qxe3 Rxe3 28.Rd1 Kf8 29.Kg1 Ke7
30.Kf2 Re5 31.Rd4 g5 32.a4 bxa4 33.Rxa4 g4 34.Rxg4 Bxd5 35.Bxd5 Rxd5 36.Ke3 Rb5
37.b4 a5 38.Kd3 axb4 39.cxb4 h5 40.Rh4 Kd7 41.Kc4 Kc6 42.Rf4 Re5 43.Rxf7 Re4+
44.Kc3 Rg4 45.Rf2 d5 46.h3 Re4 47.Kb3 Kb5 48.Rf5 Rxb4+ 49.Kc3 Kc5 50.Rxh5 Ra4
51.Rg5 Ra3+ 52.Kb2 Re3 53.Kc2 Kc4  1/2-1/2

[Event "TCh-SVK Extraliga 2011-12"]
[Site "Slovakia SVK"]
[Date "2011.10.23"]
[Round "2"]
[White "Stocek,J"]
[Black "Antoniewski,R"]
[Result "1/2-1/2"]
[WhiteElo "2600"]
[BlackElo "2585"]

1.e4 c5 2.Nf3 Nc6 3.Nc3 e6 4.d4 cxd4 5.Nxd4 Qc7 6.Be3 a6 7.Bd3 Nf6 8.O-O h5
9.h3 Bd6 10.Be2 Nxd4 11.Bxd4 b5 12.Bf3 Bh2+ 13.Kh1 Be5 14.Re1 Kf8 15.Qd2 Ng4
16.Bxe5 Nxe5 17.Qf4 f6 18.Rad1 Kf7 19.Kg1 b4 20.Na4 Qxc2 21.Nb6 Rb8 22.Rc1 Nd3
23.Qxb8 Qxf2+ 24.Kh2 Nxe1 25.Rxe1 Qxe1 26.Nxc8 h4 27.Nd6+ Ke7 28.Qxh8 Qg3+
29.Kg1  1/2-1/2

[Event "World Youth U16 Ol"]
[Site "Kocaeli TUR"]
[Date "2011.10.25"]
[Round "2.11"]
[White "Gorbanovsky,O"]
[Black "Harutyunian,T"]
[Result "0-1"]
[WhiteElo "1904"]
[BlackElo "2201"]

1.e4 c5 2.Nf3 e6 3.d4 cxd4 4.Nxd4 Nc6 5.Nc3 Qc7 6.Be2 a6 7.O-O Nf6 8.a3 Nxd4
9.Qxd4 Bc5 10.Qd3 O-O 11.Be3 b5 12.Rfd1 Bb7 13.Bxc5 Qxc5 14.Bf3 Rfd8 15.Qd4 Rac8
16.Qxc5 Rxc5 17.Rd2 Kf8 18.Rad1 Rdc8 19.g3 a5 20.Rd4 Ba8 21.Bg2 e5 22.Rd6 b4
23.axb4 axb4 24.Na2 Rxc2 25.Nxb4 Rxb2 26.Nd3 Rb5 27.f3 Rc3 28.Bf1 Bc6 29.Nf2 Rbb3
30.R6d3 Ke7 31.Rxc3 Rxc3 32.Rd3 Rc2 33.Re3 Ne8 34.Nd3 Rc3 35.Kf2 f6 36.Re1 Rc2+
37.Kg1 Nc7 38.Nb4 Rb2 39.Nd3 Rd2 40.Re3 Ne6 41.h4 Nd4 42.Nf2 f5 43.Bc4 Rc2
44.Bd3 f4 45.gxf4 exf4 46.Re1 Nxf3+ 47.Kf1 Nxe1  0-1

[Event "19th Skopje Open"]
[Site "Skopje MKD"]
[Date "2011.10.25"]
[Round "2"]
[White "Ranic,Viktor"]
[Black "Karatrajkov,Nikola"]
[Result "1-0"]
[WhiteElo "2003"]
[BlackElo "1763"]

1.e4 c5 2.Nf3 Nc6 3.d4 cxd4 4.Nxd4 e6 5.Nc3 a6 6.Nxc6 bxc6 7.g3 Nf6 8.Bg2 Bb4
9.Bd2 e5 10.O-O a5 11.Re1 O-O 12.h3 Qc7 13.a3 Be7 14.Bg5 h6 15.Be3 d6 16.b3 Bb7
17.Na4 d5 18.Bb6 Qd7 19.Qd2 dxe4 20.Bxa5 Qxd2 21.Bxd2 Rfd8 22.Bc3 Nd5 23.Bxe5 f5
24.Bb2 c5 25.f3 Nf6 26.fxe4 Rd2 27.Bc3 Rxc2 28.Rac1 Rxc1 29.Rxc1 Nxe4 30.Bb2 Bg5
31.Rc2 Rd8 32.Nc3 Rd2 33.Rxd2 Bxd2 34.Nxe4 fxe4 35.Bf1 e3 36.Be2 Kf7 37.Kf1 Bd5
38.Bc4 Bxc4+ 39.bxc4 g6 40.Ke2 Ke6 41.Bg7 h5 42.Bh6 Ba5 43.Bxe3 Bb6 44.Kf3 Kf5
45.g4+ hxg4+ 46.hxg4+ Ke5  1-0

[Event "World Youth U16 Ol"]
[Site "Kocaeli TUR"]
[Date "2011.10.26"]
[Round "4.15"]
[White "Cizinsky,P"]
[Black "Saiyn,Z"]
[Result "1-0"]
[WhiteElo "2178"]
[BlackElo "2193"]

1.e4 c5 2.Nf3 e6 3.d4 cxd4 4.Nxd4 Nc6 5.Nc3 Qc7 6.Be3 a6 7.Qd2 Nf6 8.g3 Bb4
9.Bg2 Na5 10.Qd3 Nc4 11.Bc1 Ne5 12.Qd2 Qc4 13.Nde2 d5 14.exd5 Nxd5 15.O-O Nxc3
16.Nxc3 O-O 17.Rd1 a5 18.Qf4 Bxc3  1-0

[Event "26th Le Touquet Open"]
[Site "Le Touquet FRA"]
[Date "2011.10.26"]
[Round "7.14"]
[White "Ladisic,A"]
[Black "Gosset,A"]
[Result "0-1"]
[WhiteElo "2041"]
[BlackElo "2220"]

1.e4 c5 2.Nf3 e6 3.d4 cxd4 4.Nxd4 Nc6 5.Nc3 Qc7 6.Be2 a6 7.O-O Nf6 8.Be3 Bb4
9.Na4 Be7 10.c4 Nxe4 11.Rc1 d6 12.a3 O-O 13.b4 Bd7 14.b5 Nxd4 15.Bxd4 Nc5
16.Nc3 axb5 17.cxb5 Rxa3 18.f4 f5 19.Bc4 b6 20.Rf3 Ra5 21.Rg3 Bf6 22.h3 Bc8
23.Kh1 Qd8 24.Kh2 Kh8 25.Bxf6 Rxf6 26.Re3 Bb7 27.Qc2 Rg6 28.g3 Ra8 29.Ree1 d5
30.Bf1 d4 31.Rcd1 Qf6  0-1

[Event "26th Le Touquet Open"]
[Site "Le Touquet FRA"]
[Date "2011.10.26"]
[Round "7.24"]
[White "Clement,A"]
[Black "Burg,H"]
[Result "1-0"]
[WhiteElo "1996"]
[BlackElo "1888"]

1.e4 c5 2.Nc3 e6 3.Nf3 Nc6 4.d4 cxd4 5.Nxd4 Qc7 6.Be3 a6 7.Bd3 Nf6 8.O-O Be7
9.Kh1 O-O 10.f4 d6 11.Qf3 Nxd4 12.Bxd4 e5 13.Be3 b5 14.a3 Bb7 15.Rae1 exf4
16.Qxf4 Nd7 17.Qg3 Ne5 18.Bd4 Ng6 19.Qe3 Ne5 20.Nd5 Bxd5 21.exd5 f6 22.Bf5 Rae8
23.Be6+ Kh8 24.c3 Nf7 25.h4 Ne5 26.b3 Bd8 27.Qh3 Re7 28.Ra1 a5 29.a4 b4 30.cxb4 axb4
31.Rac1 Qb7 32.Qe3 Rfe8 33.Rc2 Rxe6 34.dxe6 Rxe6 35.Bxe5 Rxe5 36.Qf3 Qa6
37.Rfc1 Re8 38.Rc8 Qa7 39.Qc6 Qe7 40.Qc4 f5 41.Qxb4  1-0